Architects', builders' & civil engineers' reference book.1948 (Record no. 550766)

000 -LEADER
fixed length control field 00478cas a2200157u| 4500
082 ## - DEWEY DECIMAL CLASSIFICATION NUMBER
Classification number 690
Author Mark ARC
100 ## - MAIN ENTRY--PERSONAL NAME
Personal name Druray, Eelyn,
9 (RLIN) 47554
245 00 - TITLE STATEMENT
Title Architects', builders' & civil engineers' reference book.1948
Statement of responsibility, etc. Druray, Eelyn,
260 ## - PUBLICATION, DISTRIBUTION, ETC.
Place of publication, distribution, etc. London,
Name of publisher, distributor, etc. G. Newnes.
Date of publication, distribution, etc. 1948
300 ## - PHYSICAL DESCRIPTION
Extent 880p. cm.
526 ## - STUDY PROGRAM INFORMATION NOTE
Program name 0
Interest level 0
Reading level 0
Title point value 690_000000000000000_ARC
590 ## - LOCAL NOTE (RLIN)
Local note PREMARC/SERLOC merged record
650 #0 - SUBJECT ADDED ENTRY--TOPICAL TERM
Topical term or geographic name entry element Building fittings.
9 (RLIN) 45038
650 #0 - SUBJECT ADDED ENTRY--TOPICAL TERM
Topical term or geographic name entry element Building materials.
942 ## - ADDED ENTRY ELEMENTS (KOHA)
Source of classification or shelving scheme
Koha item type Book
Holdings
Withdrawn status Lost status Source of classification or shelving scheme Damaged status Not for loan Permanent Location Current Location Date acquired Total Checkouts Full call number Barcode Date last seen Price effective from Koha item type
          Military College of Engineering (MCE) Military College of Engineering (MCE) 11/25/2014   690 ARC MCE-30247 11/25/2014 11/25/2014 Book
© 2023 Central Library, National University of Sciences and Technology. All Rights Reserved.